000 00789cam a2200253 a 4500
008
020 _a0155009826 (pbk.)
049 _aMAIN
090 _aLB1028
100 1 _aAry, Donald.
245 1 0 _aIntroduction to research in education /
_cDonald Ary, Lucy Cheser Jacobs, Asghar Razavieh.
250 _a5th ed.
260 _aFort Worth :
_bHarcourt Brace College Publishers,
_c1996.
300 _axviii, 590 p. :
_bill. ;
_c25 cm.
504 _aIncludes bibliographical references and index.
650 0 _aEducation
_xResearch.
700 1 _aJacobs, Lucy Cheser.
700 1 _aRazavieh, Asghar.
907 _a.b1002492x
_b12-04-10
_c17-04-03
003
005 20240323091924.0
040 _cNUST
942 _cBOOKS
_kLB1028
_01
999 _c150256
_d150256